[Event "Stare Mesto op-B"]
[Site "Stare Mesto"]
[Date "2023.08.08"]
[Round "4"]
[White "Josko, Jiri"]
[Black "Tomecek, Marian"]
[Result "1-0"]
[WhiteElo "1546"]
[BlackElo "1298"]
[PlyCount "53"]
[EventDate "2023.08.05"]
[EventType "swiss"]
[EventRounds "9"]
[EventCountry "CZE"]
[SourceTitle "EXT 2024"]
[Source "ChessBase"]
[SourceDate "2023.10.10"]
[SourceVersion "1"]
[SourceVersionDate "2023.10.10"]
[SourceQuality "1"]

1. e4 e5 2. Nc3 Nf6 3. f4 d5 4. fxe5 Nxe4 5. Qf3 Nxc3 6. bxc3 Be7 7. d4 0-0 8. Bd3 Be6 9. Ne2 c5 10. Bf5 Nc6 11. 0-0 cxd4 12. cxd4 Qb6 13. Be3 Qc7 14. c3 b5 15. Qh3 g6 16. Bxe6 fxe6 17. Qxe6+ Kg7 18. Qxd5 a6 19. Nf4 Rxf4 20. Rxf4 Rf8 21. Rxf8 Bxf8 22. Rf1 h6 23. Bxh6+ Kxh6 24. Rxf8 Ne7 25. Qf3 b4 26. Rh8+ Kg5 27. h4# 1-0

[Event "Ceske Budejovice op-B"]
[Site "Ceske Budejovice"]
[Date "2020.07.05"]
[Round "5"]
[White "Kroulik, Vaclav"]
[Black "Josko, Jiri"]
[Result "1/2-1/2"]
[WhiteElo "1442"]
[BlackElo "1649"]
[PlyCount "38"]
[EventDate "2020.07.01"]
[EventType "swiss"]
[EventRounds "9"]
[EventCountry "CZE"]
[SourceTitle "CBM 197 Extra"]
[Source "ChessBase"]
[SourceDate "2020.09.30"]
[SourceVersion "1"]
[SourceVersionDate "2020.09.30"]
[SourceQuality "1"]

1. e4 d5 2. exd5 Nf6 3. Bb5+ Bd7 4. Be2 Nxd5 5. d4 g6 6. Nf3 Bg7 7. 0-0 0-0 8. c4 Nf6 9. Nc3 c6 10. b4 Bf5 11. Bd3 Bg4 12. Be3 Nbd7 13. Be2 Re8 14. Qc2 Qc7 15. Rad1 Rac8 16. a4 e5 17. dxe5 Nxe5 18. Nxe5 Bxe2 19. Nxe2 Qxe5 1/2-1/2

[Event "Brno Duras op-A"]
[Site "Brno"]
[Date "2014.07.05"]
[Round "8"]
[White "Glozar, Petr"]
[Black "Josko, Jiri"]
[Result "1/2-1/2"]
[WhiteElo "1494"]
[BlackElo "1670"]
[PlyCount "60"]
[EventDate "2014.06.28"]
[EventType "swiss"]
[EventRounds "9"]
[EventCountry "CZE"]
[SourceTitle "CBM 161 Extra"]
[Source "ChessBase"]
[SourceDate "2014.08.29"]
[SourceVersion "1"]
[SourceVersionDate "2014.08.29"]
[SourceQuality "1"]

1. e4 d5 2. exd5 Nf6 3. d4 Nxd5 4. c4 Nb6 5. Nc3 Bf5 6. h3 e6 7. Nf3 N8d7 8. Be2 c5 9. 0-0 Bd6 10. Be3 0-0 11. Qd2 cxd4 12. Nxd4 Nc5 13. Nxf5 exf5 14. b4 Ne4 15. Nxe4 fxe4 16. c5 Be5 17. cxb6 Qxd2 18. Bxd2 Bxa1 19. Rxa1 axb6 20. Be3 Rfc8 21. a4 Rc2 22. Bb5 Rb2 23. Bxb6 Rxb4 24. Rd1 f5 25. Rd5 f4 26. Bc5 Rb1+ 27. Kh2 Rc8 28. Bc4 Kh8 29. Bd4 Rb4 30. Bb5 h6 1/2-1/2

[Event "Brno Duras op-A"]
[Site "Brno"]
[Date "2014.07.04"]
[Round "7"]
[White "Josko, Jiri"]
[Black "Jires, Jiri"]
[Result "0-1"]
[WhiteElo "1670"]
[BlackElo "1879"]
[PlyCount "74"]
[EventDate "2014.06.28"]
[EventType "swiss"]
[EventRounds "9"]
[EventCountry "CZE"]
[SourceTitle "CBM 161 Extra"]
[Source "ChessBase"]
[SourceDate "2014.08.29"]
[SourceVersion "1"]
[SourceVersionDate "2014.08.29"]
[SourceQuality "1"]

1. e4 e5 2. Nc3 Nf6 3. f4 d5 4. fxe5 Nxe4 5. Nf3 Be7 6. d3 Nxc3 7. bxc3 0-0 8. d4 f6 9. Bf4 Nc6 10. Bd3 Bg4 11. 0-0 fxe5 12. Bxe5 Nxe5 13. dxe5 c6 14. Rb1 b5 15. h3 Bc5+ 16. Kh2 Bh5 17. g4 Be8 18. Nd4 Qe7 19. Qe2 Bd7 20. Rbe1 Rxf1 21. Rxf1 Re8 22. Re1 g6 23. Nf3 Bb6 24. Kg2 Ba5 25. Qd2 c5 26. Qh6 Bxc3 27. Rf1 Rf8 28. Rf2 c4 29. Bf5 Bxf5 30. gxf5 Rxf5 31. Qe3 b4 32. h4 a5 33. Kg1 a4 34. Rg2 Qf8 35. Ng5 Rxe5 36. Qa7 Re1+ 37. Kh2 Be5+ 0-1

[Event "Liberec Metalmex op"]
[Site "Liberec"]
[Date "2012.08.18"]
[Round "9"]
[White "Josko, Jiri"]
[Black "Karafiat, Vaclav"]
[Result "1/2-1/2"]
[WhiteElo "1712"]
[BlackElo "1621"]
[PlyCount "53"]
[EventDate "2012.08.11"]
[EventType "swiss"]
[EventRounds "9"]
[EventCountry "CZE"]
[SourceTitle "EXT 2014"]
[Source "ChessBase"]
[SourceDate "2013.11.20"]
[SourceVersion "1"]
[SourceVersionDate "2013.11.20"]
[SourceQuality "1"]

1. e4 c5 2. Nf3 e6 3. d4 cxd4 4. Nxd4 a6 5. Nc3 b5 6. a3 Bb7 7. Bd3 Bc5 8. Be3 Qc7 9. 0-0 Nf6 10. Qd2 Nc6 11. Ndxb5 axb5 12. Nxb5 Qb6 13. Bxc5 Qxc5 14. Nc7+ Ke7 15. Nxa8 Rxa8 16. b4 Qb6 17. c4 Nd4 18. c5 Qc7 19. Bc2 Nxc2 20. Qxc2 Nxe4 21. f3 Nf6 22. Rfd1 Nd5 23. Qxh7 g6 24. Qh4+ Kf8 25. Qh8+ Ke7 26. Qh4+ Kf8 27. Qh8+ 1/2-1/2

[Event "Liberec Metalmex op"]
[Site "Liberec"]
[Date "2012.08.17"]
[Round "8"]
[White "Blahacek, Evzen"]
[Black "Josko, Jiri"]
[Result "1-0"]
[WhiteElo "1981"]
[BlackElo "1712"]
[PlyCount "81"]
[EventDate "2012.08.11"]
[EventType "swiss"]
[EventRounds "9"]
[EventCountry "CZE"]
[SourceTitle "EXT 2014"]
[Source "ChessBase"]
[SourceDate "2013.11.20"]
[SourceVersion "1"]
[SourceVersionDate "2013.11.20"]
[SourceQuality "1"]

1. c4 e5 2. Nc3 Nf6 3. Nf3 Nc6 4. d4 e4 5. Ne5 Bb4 6. Nxc6 bxc6 7. Bg5 h6 8. Bh4 0-0 9. e3 Bxc3+ 10. bxc3 d5 11. Qa4 Bd7 12. Qa3 g5 13. Bg3 Nh5 14. Be2 Nxg3 15. hxg3 Qf6 16. Rb1 Rfb8 17. 0-0 Qd8 18. Rb3 Be6 19. cxd5 Rxb3 20. axb3 cxd5 21. Ra1 c6 22. Qc5 a5 23. Bd1 Bd7 24. Qd6 Kg7 25. f3 f5 26. fxe4 fxe4 27. Bh5 Be8 28. Qxd8 Rxd8 29. Bxe8 Rxe8 30. Rxa5 Rc8 31. g4 Kg6 32. Kh2 h5 33. gxh5+ Kxh5 34. Kg3 Rf8 35. Rc5 Rf6 36. c4 Rd6 37. b4 dxc4 38. Rxc4 Kg6 39. Rc5 Kh5 40. Re5 c5 41. bxc5 1-0